| 000 | 00447nam a2200157 a 4500 | ||
|---|---|---|---|
| 001 | 0813 | ||
| 005 | 20140414131955.0 | ||
| 008 | 040930s19uu xx 00 eng d | ||
| 020 | _a0-15-325199-9 | ||
| 050 |
_aTR 372.7 _bMa42 G1 |
||
| 245 |
_aCalifornia planning and pacing guide : _bHarcourt math, grade 1. |
||
| 260 |
_aOrlando : _bHarcourt, _c[n.d.] |
||
| 300 | _aCA212 p. ; cm. | ||
| 650 |
_aMathematics _xStudy and teaching. |
||
| 999 |
_c112886 _d112886 |
||